000 01004nam a22003617a 4500
001 BR0602451
003 BR-BrBNA
005 20230928102158.0
007 ta
008 230509b bl.||||| |||| 00| 0 por d
040 _aBR-BrBNA
_bpor
_cBiblioteca Nacional de Agricultura
041 _a(Por)
072 _aF01; F04; L02
_b1910
090 _ 1910 BR0602451
100 1 _aCosta, B.M. da
110 1 _aUniversidade Federal da Bahia, Cruz das Almas (Brasil). Escola de Agronomia
_910428
245 1 _aUtilização racional das pastagens
260 3 _aCruz das Almas, BA (Brasil):
_c2003.
300 _a96 p.
500 _aSeveral Bibliography.; 38 tables; 4 illus.
650 _aPASTAGEM
650 _aECOSSISTEMA
650 _aCAPINEIRA
650 _aADUBAÇÃO
650 _aCALCÁRIO
650 _aACIDEZ DO SOLO
650 _aPRODUÇÃO ANIMAL
650 _aFORRAGEM
650 _aMANEJO DO SOLO
650 _aPASTEJO
909 _a202309
_bLucia
_c55
_dLucia Elande
942 _cBK
999 _c69512
_d69512